INFORME FINAL DE EJERCICIO PROFESIONAL SUPERVISADO REALIZADO EN INDUSTRIAS AVíCOLAS INTEGRADAS S. A. “INAVISA” UBICADA EN EL KILÓMETRO 27.5 RUTA AL ATLÁNTICO./ (Registro nro. 2348)
[ vista simple ]
| 000 -LEADER | |
|---|---|
| campo de control de longitud fija | 03904nam a22003257a 4500 |
| 001 - NÚMERO DE CONTROL | |
| campo de control | TZ 0053 |
| 003 - IDENTIFICADOR DE NÚMERO DE CONTROL | |
| campo de control | gtcocun |
| 005 - FECHA Y HORA DE LA ÚLTIMA TRANSACCIÓN | |
| campo de control | 20251014220241.0 |
| 006 - CÓDIGOS DE INFORMACIÓN DE LONGITUD FIJA--CARACTERÍSTICAS DEL MATERIAL ADICIONAL | |
| campo de control de longitud fija | a||||gr|||| 00| 0 |
| 007 - CAMPO FIJO DE DESCRIPCIÓN FÍSICA--INFORMACIÓN GENERAL | |
| campo de control de longitud fija | ta |
| 008 - DATOS DE LONGITUD FIJA--INFORMACIÓN GENERAL | |
| campo de control de longitud fija | 251014b2016 gt ||||| m||| 00| 0 eng d |
| 040 ## - FUENTE DE CATALOGACIÓN | |
| Centro catalogador/agencia de origen | gtcocun |
| Lengua de catalogación | SPA |
| Centro/agencia transcriptor | gtcocun |
| Normas de descripción | RDA |
| 041 ## - CÓDIGO DE IDIOMA | |
| Código de lengua del texto/banda sonora o título independiente | SPA TZ 0053 |
| 084 ## - OTRO NÚMERO DE CLASIFICACIÓN | |
| Número de control del registro de autoridad o número normalizado | TZ 0053 |
| 100 ## - ENTRADA PRINCIPAL--NOMBRE DE PERSONA | |
| Nombre de persona | Castro Tún, Waleska Miroslawa |
| Término indicativo de función/relación | Autor |
| 245 ## - MENCIÓN DEL TÍTULO | |
| Título | INFORME FINAL DE EJERCICIO PROFESIONAL SUPERVISADO REALIZADO EN INDUSTRIAS AVíCOLAS INTEGRADAS S. A. “INAVISA” UBICADA EN EL KILÓMETRO 27.5 RUTA AL ATLÁNTICO./ |
| Mención de responsabilidad, etc. | Waleska Miroslawa Castro Tún. |
| Medio | Impreso |
| 264 ## - PRODUCCIÓN, PUBLICACIÓN, DISTRIBUCIÓN, FABRICACIÓN Y COPYRIGHT | |
| Producción, publicación, distribución, fabricación y copyright | Cobán, Alta Verapaz: |
| Nombre del de productor, editor, distribuidor, fabricante | Universidad de San Carlos de Guatemala, Centro Universitario del Norte, Zootecnia |
| Fecha de producción, publicación, distribución, fabricación o copyright | 2016 |
| 300 ## - DESCRIPCIÓN FÍSICA | |
| Extensión | 47 p.: |
| Otras características físicas | Ilustraciones, gráficas. |
| Dimensiones | 28 cm; |
| 336 ## - TIPO DE CONTENIDO | |
| Fuente | rdacontenido |
| Término de tipo de contenido | Texto |
| Código de tipo de contenido | txt |
| 337 ## - TIPO DE MEDIO | |
| Fuente | rdamedio |
| Nombre/término del tipo de medio | Computadora |
| Código del tipo de medio | n |
| 338 ## - TIPO DE SOPORTE | |
| Fuente | rdasoporte |
| Nombre/término del tipo de soporte | Código en línea |
| Código del tipo de soporte | cr |
| 502 ## - NOTA DE TESIS | |
| identificador de la tesis | TZ 0053 |
| 502 ## - NOTA DE TESIS | |
| Nota de tesis | Tesis de grado |
| Tipo de título | Zootecnia, |
| Nombre de la institución que otorga el título | Universidad de San Carlos de Guatemala, Centro Universitario del Norte, Zootecnia |
| Año de obtención del título | 2016 |
| Identificador de la tesis | TZ 0053 |
| 520 14 - RESUMEN, ETC. | |
| Sumario, etc. | El Ejercicio Profesional Supervisado -EPS- se llevó a cabo en el período de marzo a noviembre del año 2008, en la empresa Industrias Avícolas Integradas S. A., (INAVISA) que se dedica a la producción de pollita de un día, con el manejo de dos líneas Isa Brown e Isa White. El desarrollo del EPS permitió la adquisición y el aumento de los conocimientos de la estudiante de la Carrera de Zootecnia del Centro Universitario del Norte<br/><br/>Se realizó un diagnosticó que permitió determinar las áreas más importantes para realizar la intervención y en base a ello elaborar un plan de trabajo que tendió a dar soporte técnico, de acuerdo a las necesidades de la unidad productiva. Dentro de las actividades que se realizaron se pueden mencionar: Muestreo de hongos y bacterias, implementación de equipo<br/>mínimo, eliminación de medios contaminantes en la planta de incubación,<br/>implementación de registros de pollita al nacimiento, implementación de un<br/>botiquín médico, identificación de áreas, elaboración de un flujograma de<br/>procesos y movimientos, elaboración de registros de la calidad de huevo fértil y<br/>no incubable.<br/><br/>Se tuvo la oportunidad de participar en otras actividades no planificadas<br/>como: Peso de la pollita de un día de nacida, elaboración de un programa<br/>semanal de actividades, elaboración de embriodiagnosis, evaluación de<br/>fertilidad del huevo.<br/><br/>Como resultado de las actividades realizadas se puede mencionar que: el<br/>muestreo de hongos y bacterias se encuentra dentro de los niveles aceptables<br/>en una planta de incubación; se implementaron registros de pollita al nacimiento por incubadora y lote, que facilitan la obtención de resultados tanto a los trabajadores como a la administración; se clasificaron y rotularon las áreas con<br/>que cuenta la incubadora; conjuntamente con la administración de la empresa,<br/>se elaboró un flujograma de procesos y movimientos; se elaboraron de registros<br/>de clasificación de huevo incubable y huevo no incubable; Se realizó una<br/>embriodiagnosis del huevo no eclosionado; entre otros.<br/><br/>La investigación inferencial que se realizó, fue la evaluación de diferentes pesos de huevos en relación al peso de la pollita de un día. Se utilizó Comparación de medías (“t” de Student), al 5 por ciento y se determinó que el tratamiento B, huevos de 64 a 65 gramos, producen pollitas de 44 gramos. |
| 650 14 - PUNTO DE ACCESO ADICIONAL DE MATERIA--TÉRMINO DE MATERIA | |
| Fuente del encabezamiento o término | LEMB |
| Término de materia o nombre geográfico como elemento de entrada | Ruta al Atlántico. |
| Subdivisión general | Zootecnia |
| -- | Incubadora |
| -- | Flujograma |
| -- | Muestreo |
| -- | Fertilidad del huevo |
| -- | Embriodiagnosis |
| 700 ## - ENTRADA AGREGADA--NOMBRE PERSONAL | |
| Nombre de persona | Lic. Zoot. M.A. Fredy Giovani Macz Choc |
| Término indicativo de función/relación | Asesor |
| 856 ## - LOCALIZACIÓN Y ACCESO ELECTRÓNICOS | |
| Identificador Uniforme de Recurso | <a href="https://drive.google.com/file/d/1X6KFkCIqZ9A8u67kuTaASC2SMJnAdK6m/view">https://drive.google.com/file/d/1X6KFkCIqZ9A8u67kuTaASC2SMJnAdK6m/view</a> |
| Texto de enlace | |
| Nota pública | Un ejemplar en línea. |
| 942 ## - ELEMENTOS DE ENTRADA SECUNDARIOS (KOHA) | |
| Fuente de la clasificación o esquema de estantería | Clasificación Decimal Dewey |
| Tipo de ítem Koha | TESIS |
| Parte de la signatura que identifica el ejemplar (Parte del ítem) | TZ 0053 |
| Prefijo de la signatura | Clasificación |
| Suprimir en OPAC | No |
| -- | TZ_0053_000000000000000 |
| Estatus retirado | Estado de pérdida | Fuente de la clasificación o esquema de estantería | Estado de daño | No para préstamo | Colección | Biblioteca de origen | Biblioteca actual | Fecha de adquisición | Número de inventario | Total de préstamos | Signatura topográfica completa | Código de barras | Visto por última vez | Precio de reemplazo | Tipo de ítem Koha |
|---|---|---|---|---|---|---|---|---|---|---|---|---|---|---|---|
| Clasificación Decimal Dewey | tesis | BIBLIOTECA- CUNOR -JOSÉ LUIS GONZALES ROSALES | BIBLIOTECA- CUNOR -JOSÉ LUIS GONZALES ROSALES | 13/10/2025 | TZ 0053 | TZ 0053 | TZ 0053 | 13/10/2025 | 13/10/2025 | TESIS |